000
00299nam a2200109Ia 4500
008
230907s9999||||xx |||||||||||||| ||und||
082
_a
621.406,DIX
100
_a
Dixon, S. L.
_9
63320
245
0
_a
Fluid mechanics and thermodynamics of turbomachinery /
300
_a
xviii, 537 pages :
942
_c
BK
999
_c
597942
_d
597942